Countries in 1920 - Statistics

General Stats
  • This quiz has been taken 105 times
  • The average score is 50 of 78
Answer Stats
Country % Correct
France
90%
Germany
90%
Spain
85%
United States
85%
Japan
84%
Russia
84%
Ottoman Empire
83%
Poland
83%
China
82%
Norway
82%
United Kingdom
81%
Austria
80%
Belgium
80%
Canada
80%
Hungary
80%
Rumania
80%
Sweden
80%
Australia
78%
Greece
78%
Mexico
78%
Portugal
78%
Finland
77%
Italy
77%
Netherlands
77%
Serbs, Croats and Slovenes, Kingdom of
77%
Brazil
75%
Denmark
75%
Andorra
73%
New Zealand
73%
San Marino
73%
Argentina
72%
Bulgaria
72%
Chile
72%
Czechoslovakia
72%
Luxembourg
72%
Peru
70%
Colombia
69%
Estonia
69%
Panama
69%
Venezuela
69%
Switzerland
68%
Latvia
67%
Lithuania
67%
Nicaragua
67%
Ethiopia
66%
Albania
65%
Costa Rica
65%
Cuba
65%
Guatemala
65%
Afghanistan
64%
Haiti
64%
Honduras
64%
Monaco
64%
Iceland
63%
Paraguay
63%
Uruguay
63%
El Salvador
61%
Bolivia
60%
Liechtenstein
60%
South Africa
60%
Dominican Republic
59%
Ecuador
58%
Persia
57%
Liberia
55%
Siam
52%
Armenia
48%
Nepal
45%
Yemen
45%
Azerbaijan
42%
Georgia
41%
Danzig
20%
Hejaz
15%
Newfoundland
14%
Nejd
13%
Ha'il
8%
Fiume
3%
Asir
1%
Asir, Upper
0%
No matching quizzes found
Score Distribution
Percent of People with Each Score
Percentile by Number Answered
Your Score History
You have not taken this quiz